| 000 -CABECERA |
| campo de control de longitud fija |
01435nam a2200265 a 4500 |
| 001 - NÚMERO DE CONTROL |
| campo de control |
000087020 |
| 005 - FECHA Y HORA DE LA ÚLTIMA TRANSACCIÓN |
| campo de control |
20200120224931.0 |
| 008 - DATOS DE LONGITUD FIJA--INFORMACIÓN GENERAL |
| campo de control de longitud fija |
190704s2015 ck d 000 f spa d |
| 020 ## - NÚMERO INTERNACIONAL ESTÁNDAR DEL LIBRO |
| Número Internacional Estándar del Libro |
9789583047602 |
| 041 0# - CÓDIGO DE LENGUA |
| Código de lengua del texto/banda sonora o título independiente |
spa |
| 090 ## - LOCALMENTE ASIGNADO TIPO-LC NÚMERO DE CLASIFICACIÓN (OCLC); NÚMERO DE CLASIFICACIÓN LOCAL (RLIN) |
| Número de clasificación (OCLC) (R) ; Numero de clasificación, CALL (RLIN) (NR) |
JN |
| Número cutter local (OCLC) ; Número de libro/Signatura topográfica íntegra, CALL (RLIN) |
AND |
| 100 1# - ENTRADA PRINCIPAL--NOMBRE DE PERSONA |
| Nombre de persona |
Andrevon, Jean-Pierre |
| Fechas asociadas al nombre |
1937 |
| 245 10 - MENCIÓN DE TÍTULO |
| Título |
Nueva aurora / |
| Mención de responsabilidad, etc. |
Jean-Pierre Andrevon ; traducción, Cristina Ramos Solís. |
| 250 ## - MENCIÓN DE EDICIÓN |
| Mención de edición |
Primera edición |
| 260 ## - PUBLICACIÓN, DISTRIBUCIÓN, ETC. |
| Lugar de publicación, distribución, etc. |
Bogotá : |
| Nombre del editor, distribuidor, etc. |
Panamericana Editorial, |
| Fecha de publicación, distribución, etc. |
2015. |
| 300 ## - DESCRIPCIÓN FÍSICA |
| Extensión |
169 páginas ; |
| Dimensiones |
24 cm. |
| 500 ## - NOTA GENERAL |
| Nota general |
Incluye índice |
| 502 ## - NOTA DE TESIS |
| Nota de tesis |
Tesis |
| 504 ## - NOTA DE BIBLIOGRAFÍA, ETC. |
| Nota de bibliografía, etc. |
Referencias bibliográficas : p. |
| 506 0# - NOTA DE RESTRICCIONES AL ACCESO |
| Limitaciones de acceso |
General |
| 520 3# - SUMARIO, ETC. |
| Sumario, etc. |
"Nacieron bajo la superficie de la Tierra, donde los hombres hace tiempo se refugiaron para sobrevivir, y no conocen más que un mundo subterráneo petrificado y frío. Y el trabajo, con el ruido rítmico de las máquinas: día tras día hay que cavar y cavar para extraer los escombros de las ciudades del pasado, las materias reutilizables para la vida cotidiana. Así lo decidió el "Padre", cuya misteriosa voz resuena regularmente a través de las cavernas y las galerías. Una mañana, mientras trabajan sobre un filón en la mina, una pared se desprende. Lark y Azir, los dos solos, se adentrarán en la penumbra de los túneles..." |
| 650 14 - PUNTO DE ACCESO ADICIONAL DE MATERIA--TÉRMINO DE MATERIA |
| Término de materia o nombre geográfico como elemento de entrada |
NovelaJuvenil francesa |
| Subdivisión cronológica |
Siglo XX |
| 650 24 - PUNTO DE ACCESO ADICIONAL DE MATERIA--TÉRMINO DE MATERIA |
| Término de materia o nombre geográfico como elemento de entrada |
Literatura Juvenil Francesa |
| Subdivisión cronológica |
Siglo XX |
| 700 1# - PUNTO DE ACCESO ADICIONAL--NOMBRE DE PERSONA |
| Nombre de persona |
Ramos Solís, Cristina. |
| Término indicativo de función/relación |
traductor |